First Indian war of independence 1857-1859 (Record no. 480478)

000 -LEADER
fixed length control field 00448cam a22001457a 4500
008 - FIXED-LENGTH DATA ELEMENTS--GENERAL INFORMATION
fixed length control field 180718b1959 xxu||||| |||| 00| 0 eng d
082 ## - DEWEY DECIMAL CLASSIFICATION NUMBER
Classification number B259x54 M369
100 ## - MAIN ENTRY--PERSONAL NAME
Personal name Marx, Karl
245 ## - TITLE STATEMENT
Title First Indian war of independence 1857-1859
Statement of responsibility, etc. by Karl Marx and Friedirich Engels
260 ## - PUBLICATION, DISTRIBUTION, ETC.
Place of publication, distribution, etc. London
Name of publisher, distributor, etc. Lowrence & Wishart
Date of publication, distribution, etc. 1959
300 ## - PHYSICAL DESCRIPTION
Extent 246p.
500 ## - GENERAL NOTE
General note 4/-
650 ## - SUBJECT ADDED ENTRY--TOPICAL TERM
Topical term or geographic name entry element India --History --Sepoy Rebellion, 1857-1858.
700 ## - ADDED ENTRY--PERSONAL NAME
Personal name Engels, Friedirich
Holdings
Withdrawn status Lost status Damaged status Not for loan Permanent Location Current Location Date acquired Full call number Barcode Date last seen Price effective from Koha item type
        Indian Institute of Public Administration Indian Institute of Public Administration 2018-08-04 B259x54 M369 GR1930 2018-08-04 2018-08-04 GR

Powered by Koha